000 00579nam a22001817a 4500
005 20231106120431.0
008 231106b |||||||| |||| 00| 0 eng d
020 _a0702110302
041 _aEnglish
082 _a346.5 MEY
100 _aMeyerowitz, D
_lEnglish
245 _a1979 Cumulative Supplement to the Law and Practice of Administration of Estates /
_cD Meyerowitz
250 _aFifth Edition
260 _aCape Town :
_bJuta and Company Ltd,
_c1979
300 _b53 pages ;
_c25 cm.
650 _aLegal practice
_bLaw
942 _cBK
_6ALISON_BN_VRIES
999 _c317
_d317